| 000 | 00693nam a22001577a 4500 | ||
|---|---|---|---|
| 003 | OSt | ||
| 005 | 20161021102236.0 | ||
| 008 | 161021b xxu||||| |||| 00| 0 eng d | ||
| 040 | _cRUA | ||
| 082 | _aAED SAM 2014 B491 Or.1 | ||
| 100 |
_910803 _aSAM ATHKANHARITH; សំអាត កញ្ញារិទ្ធ |
||
| 245 | _aThe study on household´s livelihood in rovieng commune, sonrong district, takeo province; ការសិក្សាអំពីជីវភាពរស់នៅរបស់ប្រជាជន នៅឃុំវៀង ស្រុកសំរោង ខេត្តតាកែវ | ||
| 260 |
_aRUA _bSAM _c2014 |
||
| 300 |
_ax;46p. _bill. _c29cm. |
||
| 942 |
_2ddc _cAED |
||
| 999 |
_c10396 _d10396 |
||